000 01039nam a2200301Ia 4500
001 Para_1289
003 CHAP
008 220125s1998 xx 000 0 und d
010 _a199997
040 _cCHAP
090 _aPA TESIS 1230
100 _aCaballero Ramírez, Elias
_916578
245 _aDiagnostico de bacterias fluorescentes del género Pseudomonas, que causan enfermedades en algunos cultivos aledaños a Chapingo Estado de México /
_c por Elias Caballero Ramírez
260 _aChapingo, Méx. :
_b El autor
300 _a58 h.
502 _aTesis (Ing. Agr. Esp. en Parasitología Agrícola), UACh. Depto. Parasitología
650 _aBacterias
_99318
650 _aCultivos
_x enfermedades por bacterias
_9165015
650 _aPseudomonas
_992568
710 _aUACh. Departamento Parasitología Agrícola
_9164025
901 _aPA TESIS 1230
902 _aA
905 _a0000001998 a 0000000000 00
910 _a1998
942 _cPARA
942 _cPARA
_d1
999 _c199997
_d199997